[Event "DEN-chT 1011 49th"]
[Site "Denmark"]
[Date "2011.01.30"]
[Round "6.7"]
[White "Holst, Per"]
[Black "Sorensen, Kristine Thornvig"]
[Result "1/2-1/2"]
[WhiteElo "2129"]
[BlackElo "2113"]
[PlyCount "59"]
[EventDate "2010.11.06"]
[EventType "team-tourn"]
[EventRounds "9"]
[EventCountry "DEN"]
[SourceTitle "EXT 2012"]
[Source "ChessBase"]
[SourceDate "2011.11.24"]
[SourceVersion "1"]
[SourceVersionDate "2011.11.24"]
[SourceQuality "1"]
[WhiteTeam "Nordre"]
[BlackTeam "Copenhagen 68"]
[WhiteTeamCountry "DEN"]
[BlackTeamCountry "DEN"]

1. d4 f5 2. g3 Nf6 3. Bg2 g6 4. Nf3 Bg7 5. c3 c6 6. 0-0 0-0 7. Nbd2 d5 8. Ne5 Be6 9. Ndf3 Ne4 10. Bf4 Qb6 11. Qb3 Qxb3 12. axb3 Nd7 13. Nxd7 Bxd7 14. Be5 Bf6 15. Rfd1 Be6 16. b4 Nd6 17. Bxf6 exf6 18. Ne1 a6 19. Nd3 Rae8 20. e3 Bc8 21. Nc5 Re7 22. Rdc1 g5 23. b3 f4 24. exf4 gxf4 25. Re1 Rfe8 26. Rxe7 Rxe7 27. gxf4 Re2 28. Rc1 Rb2 29. Bf3 Bh3 30. Bd1 1/2-1/2

[Event "DEN-chT 1011 49th"]
[Site "Denmark"]
[Date "2010.11.07"]
[Round "2.6"]
[White "Schmidt, Kresten"]
[Black "Sorensen, Kristine Thornvig"]
[Result "1-0"]
[WhiteElo "2280"]
[BlackElo "2113"]
[PlyCount "103"]
[EventDate "2010.11.06"]
[EventType "team-tourn"]
[EventRounds "9"]
[EventCountry "DEN"]
[SourceTitle "EXT 2012"]
[Source "ChessBase"]
[SourceDate "2011.11.24"]
[SourceVersion "1"]
[SourceVersionDate "2011.11.24"]
[SourceQuality "1"]
[WhiteTeam "Valby K41"]
[BlackTeam "Copenhagen 68"]
[WhiteTeamCountry "DEN"]
[BlackTeamCountry "DEN"]

1. e4 c5 2. Nf3 d6 3. d4 cxd4 4. Nxd4 Nf6 5. Nc3 Nc6 6. h3 e5 7. Nf3 h6 8. Bc4 Be7 9. Qe2 a6 10. Nd5 0-0 11. Nxf6+ Bxf6 12. 0-0 Qc7 13. Be3 Bd7 14. Rfd1 Rac8 15. Bd5 Ne7 16. Bb3 Bc6 17. Nd2 b5 18. c4 Qb7 19. f3 Rfd8 20. Rac1 b4 21. Qf2 Ng6 22. Nf1 Bg5 23. Rc2 Bxe3 24. Nxe3 Ne7 25. Rcd2 Qc7 26. Rd3 Rd7 27. Qc2 Rcd8 28. Ba4 Qa5 29. Bb3 Qc5 30. Kh2 h5 31. Ba4 Qa5 32. Bxc6 Nxc6 33. b3 Nd4 34. Qd2 f6 35. Nd5 Rb8 36. f4 Qc5 37. Rg3 Kf7 38. Rf1 Rh8 39. Nxb4 exf4 40. Rxf4 Ne2 41. Qxe2 Qxb4 42. Qd3 Qc5 43. Rf5 Qc6 44. Rd5 Re8 45. Qf3 g6 46. Qf4 Rdd8 47. Rgd3 Re5 48. c5 g5 49. Qf2 Rxd5 50. Rxd5 Qc7 51. Rxg5 Re8 52. Qf4 1-0